Vista normal
Vista MARC
Entrada Nombre de reunión
Número de registros utilizados en: 2
001 - NÚMERO DE CONTROL
- campo de control: 18717
003 - IDENTIFICADOR DEL NÚMERO DE CONTROL
- campo de control: OSt
005 - FECHA Y HORA DE LA ÚLTIMA TRANSACCIÓN
- campo de control: 20200615032638.0
008 - DATOS DE LONGITUD FIJA
- campo de control de longitud fija: 200615|| aca||aabn | a|a d
040 ## - FUENTE DE LA CATALOGACIÓN
- Centro catalogador/agencia de origen: OSt
- Centro/agencia transcriptor: OSt
111 ## - ENCABEZAMIENTO--NOMBRE DE CONGRESO/REUNIÓN
- Nombre de congreso/reunión o jurisdicción como elemento de entrada: Congreso Internacional "Música, identidad y cultura en el Caribe"
- Número del congreso/reunión o número de parte o sección: (4:
- Fecha del congreso/reunión: abril 8-10:
- Sede del congreso/Lugar de la reunión: Santiago de los Caballeros, República Dominicana)
670 ## - FUENTE DE DATOS ENCONTRADOS
- Cita de la fuente: Work cat.: (OSt)6513: Congreso Internacional "Música, identidad y cultura en el Caribe" (4: abril 8-10: Santiago de los Caballeros, República Dominicana), El merengue en la cultura dominicana y del Caribe /, 2006.
